00546nam a2200181Ia 4500003000900000008004100009020002200050040001600072080001700088100002400105245010100129260004800230300001400278650001700292650001000309650002300319650002200342IN-BaIIA211028s9999 xx 000 0 eng d a978-0-521-34871-3 cIIA Library a524.3bBOH-3 aBohm-Vitense, Erika 0aIntroduction to stellar astrophysicsbvol.3, stellar structure and evolutioncErika Bohm-Vitense aCambridgebCambridge University Pressc2004 axv, 285p. aAstrophysics aStars aStellar atmosphere aStellar evolution